| 000 | 01187nam a22002531a 4500 | ||
|---|---|---|---|
| 001 | 000019985 | ||
| 005 | 20200929170222.0 | ||
| 008 | 740315s1969 es 001 e spa | ||
| 040 |
_aDO-SdBNP _bspa _cBNPHU |
||
| 082 |
_a701.17 _bE79m |
||
| 245 | 0 | 0 |
_aEstética y marxismo / _cTraducción de Silvio Sastre. |
| 260 |
_aBarcelona : _bEdiciones Martínez Roca, _c1969. |
||
| 300 |
_a135 p ; _c20 cm. |
||
| 490 | 0 | _aNovocurso | |
| 504 | _aBibliografía y notas al pie de páginas. | ||
| 505 | 0 |
_gNota preliminar -- _tMaterialismo filosófico y realismo artístico / _rPierre Abraham, Roger Garaudy, André Gisselbrecht -- _tRealismo y dogmatismo / _rLouis Aragón -- _tColoquio sobre la noción de "decadencia" / _rJean-Paul Sartre ...[et. al] -- _tObjetividad del valor artístico / _rMarcel Breazu -- _tProsa y poesía en el cine / _rEfim Dobin. |
|
| 590 | _aInventariado, 2020/BT | ||
| 650 | 4 |
_aEstética _xEnsayos, conferencias, etc _920800 |
|
| 650 | 4 |
_aMarxismo _xEnsayos, conferencias, etc _936397 |
|
| 650 | 4 |
_aCine _xEstética _xEnsayos, conferencias, etc _942588 |
|
| 700 | 1 | 2 |
_aSastre, Silvio, _etr. _942589 |
| 830 | 0 |
_aNovocurso _942590 |
|
| 910 | _aValidado. Control de la calidad EMS. | ||
| 999 |
_c19497 _d19497 |
||